| 000 | 00359nam a22001337a 4500 | ||
|---|---|---|---|
| 020 | _a9780199261789 | ||
| 082 | _a333.79 BOY | ||
| 100 |
_aGodfrey Boyle _9133992 |
||
| 245 |
_aRenewable energy : power for a sustainable future _c Boyle, Godfrey |
||
| 250 | _a2nd ed. | ||
| 260 |
_aNew York _bOxford University Press _c2004 |
||
| 590 | _a... | ||
| 942 |
_2ddc _cBK |
||
| 999 |
_c616909 _d616909 |
||